logo

Bir Sreshtho Munshi Abdur Rouf Library
Jhenaidah Cadet College

সবার জন্য জ্যোতির্বিদ্যা / (Record no. 11475)

MARC details
000 -LEADER
fixed length control field 00939nam a2200253 a 4500
001 - CONTROL NUMBER
JCCL Control Number 11475
003 - CONTROL NUMBER IDENTIFIER
JCCL marc code BD-JhCC
005 - DATE AND TIME OF LATEST TRANSACTION
control field 20210927134021.0
008 - FIXED-LENGTH DATA ELEMENTS--GENERAL INFORMATION
fixed length control field 190625b 2012bg a|||| ||a| 001 0 ben d
020 ## - INTERNATIONAL STANDARD BOOK NUMBER
International Standard Book Number 9847009601774
035 ## - SYSTEM CONTROL NUMBER
system control number (BD-JhCC)11475
040 ## - CATALOGING SOURCE
Original cataloging agency BD-JhCC
Modifying agency BD-JhCC
041 ## - LANGUAGE CODE
Language code of Book ben
082 ## - DEWEY DECIMAL CLASSIFICATION NUMBER
Author mark and Year AHA 2012
Classification number 520
100 ## - MAIN ENTRY--PERSONAL NAME
Personal name আহাদ, সৈয়দা লামমীম
245 ## - TITLE STATEMENT
Title সবার জন্য জ্যোতির্বিদ্যা /
Statement of responsibility, etc সৈয়দা লামমীম আহাদ, ফারসীম মান্নান মোহাম্মদী ।
260 ## - PUBLICATION, DISTRIBUTION, ETC. (IMPRINT)
Place of publication, distribution, etc ঢাকা:
Name of publisher, distributor, etc তাম্রলিপি;
Date of publication, distribution, etc ২০১২.
300 ## - PHYSICAL DESCRIPTION
Pagination ২২৪ পৃ . :
Other physical details ill;
Dimensions ২২ সেমি.
650 ## - SUBJECT ADDED ENTRY--TOPICAL TERM
Topical term or geographic name as entry element Astronomy
650 ## - SUBJECT ADDED ENTRY--TOPICAL TERM
Topical term or geographic name as entry element Cosmology
700 ## - ADDED ENTRY--PERSONAL NAME
Personal name মোহাম্মদী , ফারসীম মান্নান
942 ## - ADDED ENTRY ELEMENTS (KOHA)
Source of classification or shelving scheme Dewey Decimal Classification
Koha item type Books
Koha issues (borrowed), all copies 1
Holdings
Source of classification or shelving scheme Damaged status Not for loan Home library Current library Shelving location Date of accession Cost, normal purchase price Total Checkouts Full call number Barcode Date last seen Date checked out Copy number Koha item type
Dewey Decimal Classification     JCC Rouf Library JCC Rouf Library General Stacks 06/25/2019 270.00 4 520 AHA 2012 15673 09/19/2023 09/13/2023 C-1 Books

JCC Library | Contacts | JCC Home

Last Update on 23 September 2017
Copyright @ 2017-2020 JCC Rouf Library
Rouf Library, Jhenidah Cadet College (JCC), Bangladesh